Statistics for Winter war quiz

Click here to take the quiz!

General Stats

  • This quiz has been taken 23 times
  • The average score is 9 of 15

Answer Stats

QuestionAnswer% Correct
What was given to people who fougth importantly in winterMannerheim Cross
91%
Who was president of Finland during the winter warKyösti Kallio
86%
Which country won the winter war, according to Treaty of MoscowSoviet union
77%
What was the war, after the winter warContinuation War
73%
What line was most important in winter warMannerheims Line
73%
Who was the best sniper who fougth in Winter warSimo häyhä
73%
What was the full name of the MannerheimCarl Gustaf Mannerheim
64%
Which of these wasnt eated in Finnish army during winter warMeatballs
59%
When did winter war startNovember 1939
59%
What gun did the previous sniper usually use?Sako 28-30
59%
How did Winter war startSoviet union attacked whitout Declaration of War
59%
How many days did winter war last105 days
50%
Which of these languages Mannerheim didint speakEstonian
45%
Who was the leader of Finland during Winter warPrime minister Ryti
36%
How many days Stalin though the war would last12 days
32%

Score Distribution

Percentile by Number Answered

Percent of People with Each Score

Your Score History

You have not taken this quiz